00696nam a2200181 a 4500008004100000050001700041100002100058245003600079246005600115260003800171300001600209350000900225650001300234650003800247995008700285999001700372952012500389120416s1982 ||||||||||||||||| || u aHC 254.5 Mac aMcKendrick, Neil14aThe birth of a consumer society athe commercialization of eighteenth century England aLondonbEuropa Publicationsc1982 aviii, 345p. a0.00 0aBUSINESS aCONSUMER BEHAVOIUR--GREAT BRITAIN D0.00FCBU-MAIN LIBRARY (Kitwe)H1I0.00M1UAVAILABLEZAnnex Low-Usage Collection  c35956d35956 00102lcc4070a001b001cAnnex Low-Usage Collection d2022-11-30l0oHC 254.5 Macp002838r2022-11-30w2022-11-30y002